Personajes y temas del Quijote /

Bibliographic Details
Main Author: Márquez Villanueva, Francisco
Format: Book
Language:Spanish
Published: Madrid : Taurus, [1975]
Series:Persiles ; 80
Subjects:

MARC

Tag First Indicator Second Indicator Subfields
LEADER 00000cam a2200000 i 4500
001 in00000474331
005 20151012164335.0
008 760213s1975 sp b 00110 spa
010 |a  76451309  
015 |a Sp*** 
020 |a 843062080X 
035 |a (OCoLC)02073385 
035 |9 ABZ7490AM 
040 |a DLC  |c DLC  |d TXA  |d UtOrBLW 
049 |a TXAM  |c [1360862] 
050 0 0 |a PQ6352  |b .M26 
100 1 |a Márquez Villanueva, Francisco. 
245 1 0 |a Personajes y temas del Quijote /  |c Francisco Marquez Villanueva. 
264 1 |a Madrid :  |b Taurus,  |c [1975] 
264 4 |c ©1975 
300 |a 345 pages ;  |c 21 cm. 
336 |a text  |b txt  |2 rdacontent 
337 |a unmediated  |b n  |2 rdamedia 
338 |a volume  |b nc  |2 rdacarrier 
490 0 |a Persiles ; 80 
504 |a Includes bibliographical references and index. 
600 1 0 |a Cervantes Saavedra, Miguel de,  |d 1547-1616.  |t Don Quixote. 
999 |a MARS 
999 f f |s 6025ea5d-28e8-3bcc-9e8d-b8875740b9b6  |i ac6e6763-3598-3338-8541-8384b57118f8  |t 0 
952 f f |p normal  |a Texas A&M University  |b College Station  |c Sterling C. Evans Library  |d Evans: Library Stacks  |t 0  |e PQ6352 .M26  |h Library of Congress classification  |i unmediated -- volume  |m A14803806834 
998 f f |a PQ6352 .M26  |t 0  |l Evans: Library Stacks